| 000 | 00573nam a2200193Ia 4500 | ||
|---|---|---|---|
| 005 | 20220315114825.0 | ||
| 008 | 210716s2011 xx 000 0 und d | ||
| 020 | _a9780070483101 | ||
| 040 | _cAIMIT LIBRARY | ||
| 041 | _aeng | ||
| 082 |
_a658.87 _21 _bLAMA |
||
| 100 |
_aLamba, A J. _923709 |
||
| 245 |
_aArt of retailing / _cBy A J Lamba. |
||
| 250 | _a1st ed. | ||
| 260 |
_aNew Delhi : _bTata McGraw Hill Publishing Company Ltd , _c2011. |
||
| 300 |
_aXviii, 476p. ; _c28.5 cm. |
||
| 650 |
_aRetail planning and process _923710 |
||
| 942 |
_2ddc _cBK _e1st _k658.87 LAMA |
||
| 999 |
_c209240 _d209240 |
||